Statistics for Most Spoken Languages In The World

Click here to take the quiz!

General Stats

  • This quiz has been taken 61 times
  • The average score is 13 of 20

Answer Stats

Speakers(In Millions)Language% Correct
379MEnglish
100%
77.2MFrench
96%
480MSpanish
96%
918MMandarin Chinese
93%
76.1MGerman
89%
221MPortuguese
86%
128MJapanese
84%
341MHindi(Hindustani)
82%
154MRussian
80%
228MBengali
63%
73.1MYue Chinese
63%
76.0MVietnamese
61%
79.4MTurkish
59%
68.6MUrdu(Hindustani)
59%
77.3MKorean
55%
75.0MTamil
41%
92.7MWestern Punjabi
39%
81.4MWu Chinese
38%
82.0MTelugu
29%
83.1MMarathi
25%

Score Distribution

Percentile by Number Answered

Percent of People with Each Score

Your Score History

You have not taken this quiz